| 000 | 00808nmc a2200277 a 4500 | ||
|---|---|---|---|
| 003 | AR-BaBNM | ||
| 005 | 20251128211809.0 | ||
| 008 | 176020s2002 ||||||||||||||000 | spa|| | ||
| 020 | _a84-7133-723-1 | ||
| 040 | _cAR-BaBNM | ||
| 245 | 1 | 0 |
_aDistintas escuelas, diferentes oportunidades _blos retos para la igualdad de oportunidades en Latinoamérica |
| 260 |
_aMadrid _bEditorial La Muralla _c2002 |
||
| 300 | 0 | _a652 p. | |
| 490 | 0 | _aAula abierta | |
| 650 | 4 | _aECONOMIA DE LA EDUCACION | |
| 650 | 4 | _aPOBREZA | |
| 650 | 4 | _aDESIGUALDAD SOCIAL | |
| 650 | 4 | _aPOLITICA EDUCATIVA | |
| 650 | 4 | _aIGUALDAD DE OPORTUNIDADES | |
| 651 | 4 | _aAmérica Latina | |
| 653 | 0 | _aEQUIDAD | |
| 700 | 1 |
_aReimers, Fernando _ecoordinador |
|
| 800 | 1 | _aCasanova, María Antonia | |
| 942 | _cBK | ||
| 998 | _cme-solo cat | ||
| 999 |
_c21157 _d21157 |
||